00273pab a2200121 454500008004000000100002300040245002600063260000900089300001200098362001000110650001600120773001500136180718b1984 xxu||||| |||| 00| 0 eng d aDhagamwar, Vasudha aLaw and the appressed c1984 a25-7,30 aSept. aLaw - India aMainstream